000 00890cam a2200205 a 4500
001 000001249
005 20200929145523.0
008 880226s1986 sp a b 001 0 spa
020 _a8474334284
040 _aDO-SdBNP
_bspa
_cBNPHU
082 _a996.18
_bM525m
100 1 _aMellén Blanco, Francisco.
_94251
245 1 0 _aManuscritos y documentos españoles para la historia de la Isla de Pascua :
_bla expedición del capitán D. Felipe González de Haedo a la Isla de David /
_cFrancisco Mellén Blanco.
260 _aEspaña :
_bCentro de Estudios Históricos de Obras Públicas y Urbanismo (CEHOPU),
_c1986.
300 _a380 p. :
_bil., mapas ;
_c25 cm.
586 _aMención especial en los premios de Cultura Hispánica de 1983
651 4 _aPascua (Isla{Rpara}
_94252
651 4 _aIsla De Pascua
_xHistoria
_xFuentes
_94253
600 1 4 _aGONZÁLEZ DE HAEDO, FELIPE,
_d1714-1792.
_94254
999 _c1193
_d1193